| 000 | 00954nam a2200205 i 4500 | ||
|---|---|---|---|
| 001 | 151884 | ||
| 003 | ES-MaACL | ||
| 005 | 20230906204429.0 | ||
| 008 | 931025s1885 sp |||| | spa d | ||
| 100 | 0 |
_aBenot, Eduardo. _927763 |
|
| 245 | 1 | 0 |
_aMemoria sobre la limpia de la bahía de Cádiz y con más especialidad del caño del arsenal / _cpor Eduardo Benot. |
| 260 |
_aCádiz : _b[s.n.], _c1885 ( _fImp. de Federico Joly) |
||
| 300 |
_a226 p. ; _c21 cm. |
||
| 530 | _aDisponible en formato digital. | ||
| 650 | 4 |
_aSedimentación- _zCádiz (España, Bahía) _9157077 |
|
| 650 | 4 |
_aSalinas- _zCádiz (España, Bahía) _9157078 |
|
| 650 |
_aObras hidráulicas- _zCádiz (España, Bahía) _9157079 |
||
| 852 |
_aES-MaACL _jT-848-F-2 _z-- Enc. hol., conservando la cub. original _z-- Enc. en un vol. facticio _z.- Ded. ms. del autor a Carlos Fernández Shaw |
||
| 856 |
_uhttp://bdh-rd.bne.es/viewer.vm?id=0000108661&page=1 _zBiblioteca Digital Hispánica |
||
| 999 |
_c151884 _d151884 |
||